Marketingová komunikácia týždenníka Plus 7 dní diplomová práca

Enregistré dans:
Détails bibliographiques
Auteur principal: Sukičová, Miroslava
Collectivité auteur: Obchodná fakulta EU. Katedra marketingu
Autres auteurs: Loydlová, Miroslava
Format: Livre
Langue:slovaque
Publié: Bratislava 2012
Tags: Ajouter un tag
Pas de tags, Soyez le premier à ajouter un tag!

MARC

LEADER 00000nbm a2200000 4500
001 0159010
005 20161109102223.4
041 0 |a slo 
044 |a SK 
245 1 0 |a Marketingová komunikácia týždenníka Plus 7 dní  |b diplomová práca  |c Miroslava Sukičová ; školiteľ: Miroslava Loydlová 
264 1 |a Bratislava  |c 2012 
300 |a 76 s. 
100 1 |a Sukičová, Miroslava 
700 1 |a Loydlová, Miroslava 
710 2 |a Obchodná fakulta EU. Katedra marketingu